000 00640nam a2200217Ia 4500
003 GCL
008 140319s9999 xx 000 0 ara d
040 _aGCL /
_cGCL
082 0 4 _a348.03
_bم.ر
100 1 _aمحمد على الكيك
245 1 0 _aرقابة محكمة النقض على تسيب الاحكام /
_cمحمد على الكيك
260 _a[S.N] :
_bمطبعة الاشعاع ،
_c1989
300 _a375 ص
490 _a
650 0 4 _aالقانون
650 0 4 _aالمحاكم
650 0 4 _aنقض الاحكام
650 0 4 _aالطعن بالنقض
650 0 4 _aمحاكم النقض
942 _2ddc
_cBK
999 _c53872
_d53872